00278nam a2200109 a 450008200140000010000190001424500560003326000370008930000080012665000110013465000230014500a297.4 PAR aParimala, Mary aParallel Concepts in Sufism and Christian Mysticism aHyderabad bParimala, Maryc1991 a142 aSufism aMysticism-Critique